header

Dynamic control of quality in production-inventory systems (Record no. 77478)

MARC details
000 -LEADER
fixed length control field 01386nam a22003494a 4500
082 04 - DEWEY DECIMAL CLASSIFICATION NUMBER
Classification number 658.5
100 1# - MAIN ENTRY--AUTHOR NAME
Personal name Yao, David D.,
245 10 - TITLE STATEMENT
Title Dynamic control of quality in production-inventory systems
260 ## - PUBLICATION, DISTRIBUTION, ETC. (IMPRINT)
Place of publication New York :
Name of publisher Springer,
Year of publication 2002.
300 ## - PHYSICAL DESCRIPTION
Number of Pages ix, 218 p. :
Other physical details ill.
490 1# - SERIES STATEMENT
Series statement Springer series in operations research
650 #0 - SUBJECT ADDED ENTRY--TOPICAL TERM
Topical Term Production control.
Topical Term Inventory control.
Topical Term Quality control.
700 1# - ADDED ENTRY--PERSONAL NAME
Personal name Zheng, Shaohui.
856 40 - ELECTRONIC LOCATION AND ACCESS
Uniform Resource Identifier http://site.ebrary.com/lib/rucke/Doc?id=10047798

No items available.

© 2026 Rongo University
Contact us: librarian | system librarian | Rongo university